00598nam a2200145 a 450000100100000000500170001000800410002702000150006804000250008324501370010826000560024530000210030171000640032271000660038600002645020200930030230.0110318s2000 dr 000 0 spa d a9993480711 aDO-SdBNPbspacBNPHU00aCatálogo colectivo de publicaciones periódicas en ciencias sociales y humanidades /ceditado Dulce María Núñez de Taveras. aSanto Domingo :bADRUbABUD,c2000.fEditora Búho a679 P. ;c23 cm.1 aAsociación Dominicana de Rectores de Universidades (ADRU)1 aAsociación de Bibliotecas Universitarias Dominicanas (ABUD)